书目信息 |
| 题名: |
站在巨人肩膀上
|
|
| 作者: | 布雷格, 著 ;周启文 译 | |
| 分册: | ||
| 出版信息: | 北京 中国对外翻译出版公司 2000.01 |
|
| 页数: | 258页 | |
| 开本: | 20cm | |
| 丛书名: | ||
| 单 册: | ||
| 中图分类: | N09-49 | |
| 科图分类: | ||
| 主题词: | 自然科学史--普及读物 , 科学家--生平事迹--世界 | |
| 电子资源: | ||
| ISBN: | 7-5001-0352-2 | |
| 000 | 01181nam0 2200265 450 | |
| 001 | 0134256519 | |
| 005 | 20050915102120.56 | |
| 010 | @a7-5001-0352-2@dCNY20.00 | |
| 100 | @a20050105d2000 km y0chiy0120 ea | |
| 101 | 1 | @achi@ceng |
| 102 | @aCN@b110000 | |
| 105 | @ay z 000yd | |
| 200 | 1 | @a站在巨人肩膀上@Azhan zai ju ren jian bang shang@e史上最伟大的 12 位科学家@d= On Giants' Shoulders@eGreat Scientists and their Discoveries from Archimedes to DNA@f(美) 布雷格著@F(mei)bu lei ge zhu@g周启文译@Gzhou qi wen yi@zeng |
| 210 | @a北京@c中国对外翻译出版公司@d2000.01 | |
| 215 | @a258页@d20cm | |
| 330 | @a本书介绍了阿基米德、伽利略、牛顿、拉瓦锡、法拉第、达尔文等12位人类史上最伟大的科学家的生平,成就以及对后世的影响。 | |
| 510 | 1 | @aOn Giants' Shoulders@eGreat Scientists and their Discoveries from Archimedes to DNA@zeng |
| 517 | 1 | @a史上最伟大的 12 位科学家@Ashi shang zui wei da de 12 wei ke xue jia |
| 606 | 0 | @a自然科学史@j普及读物 |
| 606 | 0 | @a科学家@x生平事迹@y世界 |
| 690 | @aN09-49@v4 | |
| 701 | 1 | @a布雷格,@Abu lei ge,@bM.@g(Bragg, Melvyn),@f1939-@4著 |
| 702 | 0 | @a周启文@Azhou qi wen@4译 |
| 801 | 0 | @aCN@bQSSK@c20050915 |
| 905 | @a10447@dN09-49@eB982 | |
| 站在巨人肩膀上:史上最伟大的 12 位科学家= On Giants' Shoulders:Great Scientists and their Discoveries from Archimedes to DNA/(美) 布雷格著/周启文译.-北京:中国对外翻译出版公司,2000.01 |
| 258页;20cm |
| ISBN 7-5001-0352-2:CNY20.00 |
| 本书介绍了阿基米德、伽利略、牛顿、拉瓦锡、法拉第、达尔文等12位人类史上最伟大的科学家的生平,成就以及对后世的影响。 |
| ● |
| 相关链接 |
|
|
|
正题名:站在巨人肩膀上
索取号:N09-49/B982
 
预约/预借
| 序号 | 登录号 | 条形码 | 馆藏地/架位号 | 状态 | 备注 |
| 1 | 564002 | 205640029 | 自科库401/401自科库 137排1列5层/ [索取号:N09-49/B982] | 在馆 | |
| 2 | 564003 | 205640038 | 期刊室512/401自科库 134排2列3层/ [索取号:N09-49/B982] | 在馆 | |
| 3 | 564004 | 205640047 | 期刊室512/401自科库 134排2列3层/ [索取号:N09-49/B982] | 在馆 |